00000000cam 2200000zi 4500
0019.962831
003CaOODSP
00520260515101343
006m     o  d f      
007cr mn|||||||||
008260515s1984    oncd    ob   f000 0 fre d
040 |aCaOODSP|bfre|erda|cCaOODSP
043 |an-cn---
0861 |aJS4-1/1984-87F-PDF
1001 |aWong, S. |q(Stephen), |d1945- |eauteur.
24513|aLe comportement criminel et institutionnel des psychopthes / |cS. Wong.
264 1|a[Ottawa] : |bSolliciteur général du Canada, Secrétariat du Ministère, Direction des programmes, |c1984.
300 |a1 ressource en ligne (iv, 65 pages) : |bgraphiques.
336 |atexte|btxt|2rdacontent/fre
337 |ainformatique|bc|2rdamedia/fre
338 |aressource en ligne|bcr|2rdacarrier/fre
4901 |aDirection des programmes - rapport pour spécialistes ; |vno. 1984-87
500 |aÉdition numérisée de l'imprimée [par Sécurité publique Canada].
500 |aPublié aussi en anglais sous le titre : The criminal and institutional behaviours of psychopaths.
500 |a« Ce document de travail a été préparé en 1984, sous contrat, pour le Service de recherche et il est rendu disponible tel que demandé par le ministère du Solliciteur général du Canada. Les opinions qu'il exprime sont celles de l'auteur et, non nécessairement, celles du ministère du Solliciteur général du Canada. »
504 |aComprend des références bibliographiques (pages 62-65).
520 |a« Le but de l'étude est d'examiner systématiquement la relation entre le degré de psychopathie des détenus fédéraux ceoisis au hasard et leurs comportements criminels et institutionnels » -- Introduction, page 1.
650 6|aPsychopathes|zCanada.
650 6|aPsychologie criminelle|zCanada.
650 6|aPensionnaires d'établissements publics|zCanada|xAttitudes.
7101 |aCanada. |bSolliciteur général Canada.|bDirection des programmes, |eorganisme de publication.
77508|tThe criminal and institutional behaviours of psychopaths / |w(CaOODSP)9.962827
830#0|aRapport pour spécialistes (Canada. Solliciteur général Canada)|vno. 1984-87.|w(CaOODSP)9.808484
85640|qPDF|s859 Ko|uhttps://publications.gc.ca/collections/collection_2026/sp-ps/js4-1/JS4-1-1984-87-fra.pdf